| 000 | 00496nam a2200181Ia 4500 | ||
|---|---|---|---|
| 001 | 8679 | ||
| 005 | 20260306160627.0 | ||
| 008 | 260306t1964||||xx |||||||||||||| ||spa|| | ||
| 041 | _aESP | ||
| 082 |
_a371.3 _bB22 |
||
| 100 |
_aBany, Mary A. _eAUT |
||
| 245 | 0 |
_aLa dinámica de grupo en la educación: _bla conducta colectiva en las clases de primera y segunda enseñanza |
|
| 260 | _c1964 | ||
| 300 |
_a433 páginas : _c21 cm. |
||
| 650 | _aGEN | ||
| 654 | _aCED | ||
| 942 |
_cLIB _dJUS _fJUS _2ddc _n |
||
| 999 |
_c8679 _d8679 |
||